1669 1010 1631 1263 1777 1057 1660 1872 1416 1121 1240 1764 1279 1741 1524 1549 1022 1792 1898 1010 1882 1904 1475 1195 1306 1944 1352 1766 1738 1692 1640 1453 1799 1316 1299 1370 1395 1722 1050 1763 1233 1904 1413 1216 1176 1412 1148 1478 1109 1644 1121 1589 1289 1387 1227 1697 1856 1045 1269 1420 1170 1261 1697 1265 1535 1213 1924 1173 1112 1553 1711 1801 1850 1836 1107 1564 1087 1595 1566 1589 1771 1757 1604 1908 1491 1056 1710 1768 1702 1679 1858 1086 1068 1729 1542 1735 1120 1007 1422 BCNSPRNW ULIB Ver.6.0+V

เปลี่ยนเป็นภาษาไทย

Change to English
 แสดงรายละเอียดบรรณานุกรม
  กลับหน้าหลัก

Brief Record : Get Marc (ISO 2709) : E-mail record : QR code < ปิดหน้าต่าง
LEADER : 00000nam 2200000uu 4500
001    13399120654
003     ULIB
008    121002s2551||||th 000 0 tha d
020    ^a9789743494437
050 04 ^aBQ4570^bพ388น
100 0  ^aพระอาจารย์วิเชียร วชิรปัญโญ
245 10 ^aนิพพานนอกวัด /^cพระอาจารย์วิเชียร วชิรปัญโญ
260    ^aกรุงเทพฯ :^bปราชญ์สำนักพิมพ์,^c2551
300    ^a160 หน้า ;^c21 ซม
650  7 ^aสมาธิ
650  7 ^aการปฏิบัติธรรม
650  7 ^aนิพพาน
650  7 ^aธรรมะกับชีวิต
945    ^p135^l0^i17799
995    ^aวิภา
999 ^a ใช้งานได้ทุกระบบ
รายการนี้ยังไม่มีแท็ก
คุณยังไม่ได้ล็อกอิน คุณสามารถมีกิจกรรมร่วมกับเว็บไซต์ได้ แต่ต้องล็อกอินก่อน ::
  ล็อกอิน

รายการสื่อสารสนเทศ

ลำดับที่ ประเภท เลขเรียก/บาร์โค้ด สถานที่ สถานะ
1. วิทยาศาสตร์การแพทย์ และสุขภาพ
วิทยาศาสตร์การแพทย์ และสุขภาพ
BQ4570 พ388น  
  Barcode: 17799
ห้องสมุดวิทยาเขตสวรรค์ประชารักษ์
►หนังสือทั่วไป
บนชั้น

รายการใกล้เคียง
    ผู้แต่ง [พระอาจารย์วิเชียร วชิรปัญโญ]

    หัวเรื่อง [สมาธิ]
    หัวเรื่อง [การปฏิบัติธรรม]
    หัวเรื่อง [นิพพาน]
    หัวเรื่อง [ธรรมะกับชีวิต]

BibComment


ยังไม่เคยถูกคอมเมนท์

คอมเมนท์ทรัพยากรรายการนี้
  คอมเมนท์: นิพพานนอกวัด พร..


 Copyright 2026. Bcnsprnw @Library